000 00545nam a2200193Ia 4500
005 20250508162750.0
008 008 250505s9999 xx 000 0 eng d
020 _a81-7169-038-6
037 _aTextual
040 _aFEDL
_beng
_cFEDL
041 _aeng
_2eng
084 _a420.7, SHA
_qFEDL
100 _aSharma Ram Kumar
245 0 _aProblems and solutions of teaching english
260 _aNew Delhi, India
_bCommonewalth Publishers
_c1989
300 _a210p.
942 _cTEXL
_h420.7, SHA
999 _c1378571
_d1378571